000 00630nam a2200253Ia 4500
003 OSt
005 20221005132323.0
006 a|||||r|||| 00| 0
007 ta
008 221004b |||||||| |||| 00| 0 tam d
024 _a48210
037 _cTextual
040 _aCRL
_cCRL
_btam
041 _2tam
_atam
082 _aO31,1C5, J5
100 _aGovindarasanar Au.
_9640921
245 0 _aThirukkural natakam
260 _c1955
300 _a219p.
_ccm.
650 _a TAMIL POETRY
650 _aTAMIL LITERATURE
942 _hO31,1C5, J5
_cTEXL
_2cc
999 _c1063250
_d1063250